All Songs from Hamilton - Statistics

General Stats
  • This quiz has been taken 702 times
  • The average score is 32 of 46
Answer Stats
Answer % Correct
1 Alexander Hamilton
99%
2 Aaron Burr, Sir
97%
3 My Shot
96%
4 The Story of Tonight
92%
10 Helpless
91%
11 Satisfied
90%
5 The Schuyler Sisters
88%
7 You'll Be Back
85%
9 A Winter's Ball
82%
6 Farmer Refuted
82%
8 Right Hand Man
82%
18 Guns and Ships
80%
14 Stay Alive
79%
13 Wait for It
78%
25 Cabinet Battle #1
77%
27 Say No to This
76%
12 The Story of Tonight (Reprise)
76%
30 Cabinet Battle #2
75%
22 Dear Theodosia
75%
23 Non-Stop
75%
24 What'd I Miss?
75%
38 Burn
74%
15 Ten Duel Commandments
70%
17 That Would Be Enough
68%
16 Meet Me Inside
67%
26 Take A Break
67%
21 What Comes Next?
66%
46 Who Lives, Who Dies, Who Tells Your Story
66%
19 History Has Its Eyes on You
64%
28 The Room Where It Happens
62%
33 I Know Him
60%
37 The Reynolds Pamphlet
60%
35 We Know
60%
40 Stay Alive (Reprise)
58%
32 One Last Time
56%
45 The World Was Wide Enough
56%
20 Yorktown (The World Turned Upside Down)
56%
39 Blow Us All Away
55%
36 Hurricane
55%
41 It's Quiet Uptown
55%
31 Washington On Your Side
55%
42 The Election of 1800
54%
34 The Adams Administration
53%
29 Schuyler Defeated
49%
44 Best of Wives and Best of Women
48%
43 Your Obedient Servant
45%
No matching quizzes found
Score Distribution
Percent of People with Each Score
Percentile by Number Answered
Your Score History
You have not taken this quiz